书目信息 |
| 书名: | Characteristics of emotional and behavioral disorders of children and youth | |
| 作者: | James M. Kauffman. | |
| 分册号: | ||
| 分册名: | 出版地: | Upper Saddle River, N.J. : |
|
| 出版社: | Merrill | |
| 出版时间: | c1997. | |
| 页数: | xii, 612 p. : | |
| 开本: | 24 cm. | |
| 丛书名: | ||
| 中图分类号: | ||
| 科图分类号: | ||
| 其他分类号: | B844 | |
| 主题词: | ||
| 电子资源: | ||
| 000 | 01115pam a2200289 a 450 | |
| 001 | E0754056226 | |
| 005 | 20070422152511.79 | |
| 008 | 960404s1997 njua b 001 0 eng | |
| 010 | @a96017542 | |
| 020 | @a0135159741 (case) :@cUSD53.25. | |
| 035 | @A(DLC) 96017542 | |
| 040 | @aDLC@cDLC@dDLC | |
| 050 | 00 | @aRJ506.B44@bK38 1997 |
| 082 | 00 | @a618.92/89/002437@2 20 |
| 090 | @aB844 | |
| 099 | @dB844@ex93=6 | |
| 100 | 1 | @aKauffman, James M. |
| 245 | 10 | @aCharacteristics of emotional and behavioral disorders of children and youth / @cJames M. Kauffman. |
| 250 | @a6th ed. | |
| 260 | @aUpper Saddle River, N.J. :@bMerrill,@cc1997. | |
| 300 | @axii, 612 p. :@bill. ;@c24 cm. | |
| 504 | @aIncludes bibliographical references (p. 532-587) and indexes. | |
| 650 | 0 | @aBehavior disorders in children. |
| 650 | 0 | @aEmotional problems of children. |
| 906 | @a7@bcbc@corignew@d1@eocip@f19@gy-gencatlg | |
| 955 | @apb18 04-04-96 to sa00; jc10 4-9-96; jc06 04-10-96; jc03 04-11-96; bk. recd. jd00 02-10-97; CIP ver. jd25/jd20 02-20-97; | |
| 991 | @bc-GenColl@hRJ506.B44@iK38 1997@p00058388361@tCopy 1@wBOOKS | |
| Characteristics of emotional and behavioral disorders of children and youth / / James M. Kauffman.-6th ed.-Upper Saddle River, N.J. : : Merrill, , c1997. |
| xii, 612 p. : : ill. ; ; 24 cm. |
| Includes bibliographical references (p. 532-587) and indexes. |
| ISBN 0135159741 (case) :USD53.25. |
| ● |
| 相关链接 |
|
|
|
|
正题名:Characteristics of emotional and behavioral disorders of children and youth
索取号:B844/x93=6
 
预约/预借
| 序号 | 登录号 | 条形码 | 馆藏地/架位号 | 状态 | 备注 |
| 1 | 0004460 | 300044609 | 第二样本阅览室/ [索取号:B844/x93=6] | 在馆 | |
| 2 | 0004461 | 300044618 | 第四借阅区/ [索取号:B844/x93=6] | 在馆 | |
| 3 | 0004462 | 300044627 | 第四借阅区/ [索取号:B844/x93=6] | 在馆 | |
| 4 | 0004463 | 300044636 | 第四借阅区/ [索取号:B844/x93=6] | 在馆 |